000 00527nam a2200205Ia 4500
005 20250923144746.0
008 008 250917s9999 xx 000 0 eng d
037 _aTextual
040 _aDSWL
_beng
_cDSWL
041 _aeng
_2eng
084 _qDSWL
100 _aJoshi, G.N.
_9828117
245 0 _aConstitution of India
_cby G.N. Joshi
260 _aLondon
_bMacmillan& Co. Ltd.
_c1961
300 _axxvi,473p.
365 _aINR
_b7.50
925 _g7.50
942 _cTEXL
999 _c1442993
_d1442993